Medzinárodnoprávna úprava občianstva, občianstvo EÚ a s tým spojená sloboda pohybu a pobytu

Štátne občianstvo. Medzinárodnoprávna úprava štátneho občianstva. Medzinárodné dohovory o právach a slobode občanov. Európske občianstvo. Sloboda pohybu a pobytu občanov Európskej únie v primárnom a sekundárnom práve EÚ.

Salvato in:
Dettagli Bibliografici
Autore principale: Pyteľová, Klaudia, 1985-
Natura: Capitolo di libro
Lingua:slovacco
Soggetti:
Tags: Aggiungi Tag
Nessun Tag, puoi essere il primo ad aggiungerne!!

MARC

LEADER 00000nla$a2200000$$$4500
001 0117517
005 20240502072319.9
041 0 |a slo 
044 |a SK 
245 1 0 |a Medzinárodnoprávna úprava občianstva, občianstvo EÚ a s tým spojená sloboda pohybu a pobytu  |c Klaudia Pyteľová 
520 |a Štátne občianstvo. Medzinárodnoprávna úprava štátneho občianstva. Medzinárodné dohovory o právach a slobode občanov. Európske občianstvo. Sloboda pohybu a pobytu občanov Európskej únie v primárnom a sekundárnom práve EÚ. 
610 2 0 |a právo verejné medzinárodné 
610 2 0 |a občianstvo štátne 
610 2 0 |a sloboda 
610 2 0 |a práva ľudské 
610 2 0 |a migrácia 
610 2 0 |a pohyb síl pracovných medzinárodný 
610 2 0 |a Európska únia 
100 1 |a Pyteľová, Klaudia, 1985-